| 000 | 01095nam a2200313 c 4500 | ||
|---|---|---|---|
| 003 | BLK | ||
| 005 | 20180420225238.0 | ||
| 008 | 180408b bul|||||r ||||||| ||bul|| | ||
| 010 | _aKNG00094995000 | ||
| 040 | _aBLK | ||
| 041 |
_aENG _cENG |
||
| 080 |
_aИкономическа политика. Стопанско ръководство. Управление на стопанство. Стопанско планиране. _b338.2 _x(73) _z338.2(73) |
||
| 139 |
_aOutline of the U. S. Economy _bO 93 |
||
| 245 | 1 | 0 | _aOutline of the U. S. Economy |
| 257 | _aUSA | ||
| 260 |
_аWashington _bU. S. Department of State _cS. a. |
||
| 300 |
_a152 с. _c20 см |
||
| 380 | _a3 | ||
| 500 | _aРечник на икон. термини | ||
| 650 | 4 |
_aИкономическа политика - САЩ _9261854 |
|
| 651 | 4 |
_aСАЩ _9179493 |
|
| 653 | _aикономика | ||
| 653 | _aикономическа политика | ||
| 852 | _aЦб 247435 | ||
| 856 | 4 |
_qpdf _u |
|
| 856 | 4 |
_qpdf _u |
|
| 942 |
_cKNG _n0 |
||
| 944 |
_aCR _c24.03.2010 _lф / _kГеновева_Генчева |
||
| 944 |
_aED _c27.03.2010 _lф / _k |
||
| 999 |
_c90257 _d90257 |
||